Israel or Palestine? - Statistics

General Stats
  • This quiz has been taken 460 times
  • The average score is 15 of 20
Answer Stats
Question Answer % Correct
Has a majority Muslim population Palestine
95%
Has/Have green on its/their flag Palestine
94%
Is larger in land area Israel
91%
Has territory controlled by Hamas Palestine
91%
Is/Are part of the Arab World Palestine
90%
Has a higher life expectancy for both males and females Israel
89%
Has/Have a border dispute with Syria Israel
89%
Has a larger population Israel
88%
Has a higher HDI Israel
88%
Was given military aid by the United States Israel
87%
Claim/s Jerusalem Both
86%
Is/Are recognized by most of the West Israel
84%
Won the Six Day War Israel
83%
Border/s the Mediterranean Sea Both
71%
Border/s the Jordan river Both
60%
Is a country/Are countries according to JetPunk Israel
60%
Is/Are recognised by Russia Both
58%
Border/s the Dead Sea Both
47%
Is/Are not involved in the UN whatsoever None
45%
Is/Are recognised by Bhutan Israel
16%
No matching quizzes found
Score Distribution
Percent of People with Each Score
Percentile by Number Answered
Your Score History
You have not taken this quiz